30 Days to a more powerful vocabulary. (Record no. 947)

000 -LEADER
fixed length control field 00673nam a2200205 a 4500
001 - CONTROL NUMBER
control field :::00014126$&:&@@
003 - CONTROL NUMBER IDENTIFIER
control field OkBaRHE
005 - DATE AND TIME OF LATEST TRANSACTION
control field 20100325145226.0
008 - FIXED-LENGTH DATA ELEMENTS--GENERAL INFORMATION
fixed length control field s1970 j 000 0 eng u
040 ## - CATALOGING SOURCE
Transcribing agency
100 1# - MAIN ENTRY--PERSONAL NAME
Personal name Funk, Wilfred John, 1883-1965
245 10 - TITLE STATEMENT
Title 30 Days to a more powerful vocabulary.
260 ## - PUBLICATION, DISTRIBUTION, ETC. (IMPRINT)
Place of publication, distribution, etc New York, NY., :
Name of publisher, distributor, etc Funk & Wagnalls
Date of publication, distribution, etc 1970
300 ## - PHYSICAL DESCRIPTION
Extent xii, 234 p. ;
Dimensions 22 cm.
650 ## - SUBJECT ADDED ENTRY--TOPICAL TERM
Topical term or geographic name as entry element English Language
General subdivision Glossaries, Vocabularies, Etc.
650 ## - SUBJECT ADDED ENTRY--TOPICAL TERM
Topical term or geographic name as entry element Vocabulary
700 ## - ADDED ENTRY--PERSONAL NAME
Personal name Lewis, Norman, 1912- , Joint author.
942 ## - ADDED ENTRY ELEMENTS (KOHA)
Source of classification or shelving scheme
Koha item type Books
Copies
Full call number Shelving location Koha item type Collection code Source of classification or shelving scheme Date acquired Copy number Damaged status Withdrawn status Permanent Location Price effective from Lost status Barcode Date last seen Not for loan
PE 1449 .F8General StacksBooksReference 2010-04-141  RHEMA Bible Training College2010-04-14 141262010-04-14